000 00621cam a2200205 i 4500
001 79028
003 BD-RjUL
005 20211220104954.0
008 211220s19?? ara b 001 p ara d
035 _a(BD-RjUL)79028
040 _aHLS
_beng
_erda
_cHLS
_dDLC
041 _aara
082 _223
_a892.71
_bDEW 19////
245 1 0 _aديوان الحماسه باب الاضياف والمديح مع شرح اردو ;; diwan alhamasih bab aladiaf walmadih mae sharh ardu /
264 1 _aDhaka :
_bEmdadiah library,
_c19??/
300 _a175 pages ;
_c24cm
650 0 _vPoetry.
942 _2ddc
_cBK
999 _c79029
_d79029